[Event "ch-SLO 2012"]
[Site "Ljubljana SLO"]
[Date "2012.07.03"]
[Round "4.5"]
[White "Soln,P"]
[Black "Janzelj,T"]
[Result "0-1"]
[WhiteElo "2387"]
[BlackElo "2160"]

1.d4 Nf6 2.Bg5 Ne4 3.Bf4 d5 4.f3 Nf6 5.Nc3 e6 6.e4 Be7 7.Bd3 O-O 8.Nge2 c5
9.exd5 exd5 10.dxc5 Bxc5 11.Qd2 Nc6 12.O-O-O Be6 13.Bg5 h6 14.h4 d4 15.Bxf6 Qxf6
16.Ne4 Qe7 17.Nxc5 Qxc5 18.Be4 Rfd8 19.Bxc6 bxc6 20.Nxd4 Qc4 21.b3 Qa6 22.Qc3 Qxa2
23.Nxe6 fxe6 24.Qe5 Kh8 25.Rhe1 c5 26.Qb2 Qa5 27.Qe5 Rd5 28.Rxd5 exd5 29.g4 c4
30.bxc4 Qa3+ 31.Qb2 Qxf3 32.Qb7 Qf4+ 33.Kd1 Qxg4+ 34.Kc1 Qf4+ 35.Kd1 Rb8  0-1

[Event "35th Barbera Open A"]
[Site "Barbera del Valles ESP"]
[Date "2012.07.05"]
[Round "2.19"]
[White "Vigoa Apecheche,Yan"]
[Black "Arizmendi Martinez,J"]
[Result "0-1"]
[WhiteElo "2269"]
[BlackElo "2559"]

1.d4 Nf6 2.Bg5 Ne4 3.Bf4 d5 4.e3 c5 5.Bd3 Nf6 6.dxc5 Nc6 7.Bb5 e6 8.Bxc6+ bxc6
9.b4 a5 10.c3 Be7 11.Nd2 O-O 12.Ne2 Ba6 13.Nd4 Qc8 14.a4 Re8 15.N2b3 Bd8
16.b5 Bb7 17.Bd6 Ne4 18.O-O Nxd6 19.cxd6 Bb6 20.Nf3 Rd8 21.Ne5 f6 22.bxc6 Bxc6
23.Nf3 Bb7 24.Nbd4 Rxd6 25.Rb1 e5 26.Nb5 Rd7 27.h4 Bc5 28.h5 Bf8 29.Nh4 Qc4
30.Nf5 Bc6 31.Re1 Rad8 32.Qb3 Qg4 33.e4 Qxh5 34.Ne3 Qf7 35.exd5 Bxd5 36.Nxd5 Rxd5
37.Qc4 Bc5 38.Rf1 Bxf2+ 39.Rxf2 Rd1+ 40.Qf1 Rxf1+ 41.Rbxf1 Qb3 42.Ra1 Rd1+
43.Rf1 Rd2  0-1

[Event "4th Rethymno Open"]
[Site "Rethymno GRE"]
[Date "2012.07.07"]
[Round "1.17"]
[White "Stefanova,A"]
[Black "Koutsogiannopoulou,T"]
[Result "1-0"]
[WhiteElo "2505"]
[BlackElo "1873"]

1.d4 Nf6 2.Bg5 Ne4 3.Bf4 d5 4.e3 e6 5.Bd3 Bd6 6.Bxe4 Bxf4 7.exf4 dxe4 8.Nc3 Qd6
9.Qd2 Nc6 10.O-O-O Nb4 11.Nge2 b6 12.a3 Nd5 13.Nxe4 Qd7 14.Rhe1 O-O 15.N2c3 Bb7
16.f3 Rfd8 17.Kb1 Rac8 18.Nxd5 Bxd5 19.Qe2 Qc6 20.Nc3 Qa8 21.Rd2 h6 22.Red1 a6
23.Qe5 Qb7 24.f5 exf5 25.Qxf5 b5 26.Re2 b4 27.axb4 Bc4 28.Re4 Qxb4 29.Qc5 a5
30.Qxb4 axb4 31.d5 bxc3 32.Rxc4 cxb2 33.Kxb2 Rb8+ 34.Kc3 Rb5 35.Rxc7 Rbxd5
36.Rxd5 Rxd5 37.Rc8+ Kh7 38.Rc4 Kg6 39.Rd4 Re5 40.Re4 Rd5 41.Re2 Kf6 42.Kb4 Rd1
43.c4 Rb1+ 44.Ka5 Ra1+ 45.Kb6 Rb1+ 46.Kc6 Rc1 47.c5 Rc3 48.Kd6 Rd3+ 49.Kc7 Rc3
50.c6 Rc1 51.Kd7 Rd1+ 52.Kc8 Rc1 53.c7 Rc3 54.Rb2 Ke7 55.Kb7  1-0

[Event "Irish Championships 2012"]
[Site "Dublin IRL"]
[Date "2012.07.08"]
[Round "2.3"]
[White "Firstov,J"]
[Black "O'Connell,G"]
[Result "1/2-1/2"]
[WhiteElo "2261"]
[BlackElo "2160"]

1.d4 Nf6 2.Bg5 Ne4 3.h4 c5 4.dxc5 Qa5+ 5.Nd2 Nxg5 6.hxg5 g6 7.Nf3 Bg7 8.c3 Qxc5
9.e4 d6 10.Bd3 Nc6 11.Rh4 h6 12.gxh6 Rxh6 13.Rxh6 Bxh6 14.Qb3 Be6 15.Qb5 Qxb5
16.Bxb5 a6 17.Bc4 Bxd2+  1/2-1/2

[Event "Irish Championships 2012"]
[Site "Dublin IRL"]
[Date "2012.07.10"]
[Round "4.3"]
[White "Firstov,J"]
[Black "Janusaitis,M"]
[Result "1-0"]
[WhiteElo "2261"]
[BlackElo "1967"]

1.d4 Nf6 2.Bg5 Ne4 3.Bf4 d5 4.f3 Nf6 5.Nc3 e6 6.e4 Bb4 7.e5 Nfd7 8.a3 Bxc3+
9.bxc3 c5 10.Be3 Nc6 11.f4 Qa5 12.Qd2 cxd4 13.cxd4 Qxd2+ 14.Kxd2 b6 15.Nf3 Bb7
16.Bd3 O-O-O 17.Ng5 Rdf8 18.Nxh7 Rxh7 19.Bxh7 g6 20.h4 Rh8 21.Bxg6 fxg6 22.Rh3 Na5
23.g4 Nc4+ 24.Ke2 Bc6 25.Kf3 Bb7 26.h5 Nxe3 27.Kxe3 Kc7 28.Rah1 gxh5 29.Rxh5 Re8
30.Rh8 Kd8 31.f5 Bc6 32.f6 Rf8 33.g5 Kc7 34.Rxf8 Nxf8 35.Rh8  1-0

[Event "22nd HOF Open 2012"]
[Site "Jyvaskyla FIN"]
[Date "2012.07.10"]
[Round "2"]
[White "Vehkalahti,V"]
[Black "Kivipelto,KE"]
[Result "0-1"]
[WhiteElo "2004"]
[BlackElo "2181"]

1.d4 Nf6 2.Bg5 Ne4 3.Bf4 c5 4.f3 Nf6 5.d5 d6 6.e4 g6 7.Nd2 Bg7 8.c3 O-O 9.Bd3 e6
10.Bg5 h6 11.Bxf6 Qxf6 12.h4 exd5 13.exd5 Qe5+ 14.Ne2 Qxd5 15.Be4 Qe6 16.Nc4 Qxc4
17.Bd5 Qb5 18.Qc2 Bf5 19.Qd2 Re8 20.a4 Qd7 21.Kf2 Nc6 22.Rad1 Rad8 23.Nf4 h5
24.Rde1 Rxe1 25.Rxe1 Bh6 26.g3 Ne5 27.Be4 Bxe4 28.Rxe4 Bxf4 29.Rxf4 Qh3 30.Qd5 Qh2+
31.Ke3 Qxb2  0-1

[Event "6th LCT GpA 2012"]
[Site "Leiden NED"]
[Date "2012.07.10"]
[Round "5.24"]
[White "Iturbide Arnedo,O"]
[Black "Ratsma,Midas"]
[Result "1-0"]
[WhiteElo "2113"]
[BlackElo "1944"]

1.d4 Nf6 2.Bg5 Ne4 3.Bf4 d5 4.f3 Nf6 5.e4 dxe4 6.Nc3 exf3 7.Nxf3 e6 8.Bg5 Be7
9.Bd3 Nc6 10.Qd2 Nb4 11.Bc4 b6 12.Ne5 Qxd4 13.Bb5+ Bd7 14.Bxf6 Bxb5 15.Qxd4 Nxc2+
16.Kf2 Nxd4 17.Bxe7 Kxe7 18.Rad1 Nc6 19.Rd7+ Ke8 20.Nxb5 Nxe5 21.Rxc7 g6
22.Kg3 Rd8 23.Rxa7 Kf8 24.Re1 Rd5 25.Nc7 Rd3+ 26.Kf2 Ng4+ 27.Kg1 h5 28.Rf1 Ne3
29.Nxe6+ Kg8 30.Ra8+ Kh7 31.Rxf7+  1-0

[Event "35th Barbera Open A"]
[Site "Barbera del Valles ESP"]
[Date "2012.07.11"]
[Round "8.29"]
[White "Aranaz Portugues,J"]
[Black "Thakur,Ak"]
[Result "1/2-1/2"]
[WhiteElo "2189"]
[BlackElo "2280"]

1.d4 Nf6 2.Bg5 Ne4 3.Bf4 d5 4.e3 c5 5.Bd3 Nf6 6.c3 Nc6 7.Nd2 g6 8.Ngf3 Bg7
9.O-O O-O 10.h3 Nd7 11.c4 dxc4 12.Nxc4 cxd4 13.exd4 Nb6 14.Be5 Nxd4 15.Bxg7 Kxg7
16.Re1 Be6 17.Nce5 Nxf3+ 18.Qxf3 Qd5 19.Qg3 Rad8 20.Be4 Qd4 21.Bxb7 Qxb2
22.Rab1 Qxa2 23.Nc6 Rd7 24.Ra1 Qc2 25.Qe5+ Kg8 26.Rec1 Qf5 27.Rxa7 Nc4 28.Rxc4 Qxe5
29.Nxe5 Bxc4 30.Nxc4 Rb8 31.Na5 g5 32.g4 Kg7 33.Kg2 e6 34.Kg3 h6 35.h4 Rd3+
36.f3 Rd7 37.h5 f5 38.gxf5 exf5 39.Kh3 Rc7 40.Kg3 Re7 41.Kh3 Rc7 42.Kg3 Re7
43.Kh3  1/2-1/2

[Event "Turkish Bank Chess League 2012"]
[Site "Konya TUR"]
[Date "2012.07.11"]
[Round "1"]
[White "Sirin,A"]
[Black "Kinsiz,O"]
[Result "0-1"]
[WhiteElo "2255"]
[BlackElo "2166"]

1.d4 Nf6 2.Bg5 Ne4 3.Bh4 c5 4.f3 g5 5.fxe4 gxh4 6.Nc3 cxd4 7.Qxd4 Rg8 8.e5 Nc6
9.Qe4 Qa5 10.Nf3 d6 11.O-O-O Be6 12.Qxh7 Rg4 13.e4 O-O-O 14.Kb1 Bg7 15.h3 Rh8
16.Qxh8+ Bxh8 17.hxg4 Nxe5 18.Nd4 Nxg4 19.Nxe6 Bxc3 20.Rd5 Qb4 21.Rb5 Qxe4
22.bxc3 Nf2 23.Bd3 Nxd3 24.Rd1 Nf2 25.Ng5 Qc6  0-1

[Event "20th Metropolitan IM"]
[Site "Los Angeles USA"]
[Date "2012.07.11"]
[Round "1"]
[White "Duckworth,W"]
[Black "Viswanadha,Kesav"]
[Result "1-0"]
[WhiteElo "2302"]
[BlackElo "2015"]

1.d4 Nf6 2.Bg5 Ne4 3.Bf4 c5 4.f3 Qa5+ 5.c3 Nf6 6.d5 Qb6 7.b3 g6 8.e4 d6 9.Qd2 Bg7
10.Na3 Nbd7 11.Nc4 Qc7 12.a4 b6 13.Nh3 O-O 14.Nf2 Bb7 15.Be2 Qd8 16.Rd1 Ba6
17.O-O Bxc4 18.Bxc4 Ne8 19.Bb5 Nc7 20.Bxd7 Qxd7 21.Rfe1 c4 22.b4 Qxa4 23.e5 Qd7
24.exd6 exd6 25.Ne4 Nb5 26.Bh6 f5 27.Bxg7 Qxg7 28.Ng5 Rfe8 29.Rxe8+ Rxe8
30.Rc1 Nc7 31.f4 Qe7 32.Kf2 h6 33.Nf3 Qf7 34.Rd1 Nb5 35.h4 Qg7 36.Rc1 Re4
37.g3 a5 38.bxa5 bxa5 39.Qb2 Qa7+ 40.Kg2 Nc7 41.h5 Nxd5 42.hxg6 Ne3+ 43.Kh3 Kg7
44.Nh4 d5 45.Ra1 Re7 46.Qb5 Qd7 47.Qc5 Qa7 48.Qb5 Qd7 49.Qxa5 Ng4 50.Qc5 Nf6
51.Qxe7+  1-0

[Event "2nd Polugaevsky Mem"]
[Site "Samara RUS"]
[Date "2012.07.11"]
[Round "7.46"]
[White "Gusev,Boris A"]
[Black "Chekletsov,Egor"]
[Result "1/2-1/2"]
[WhiteElo "1956"]
[BlackElo "1917"]

1.d4 Nf6 2.Bg5 Ne4 3.Bh4 c5 4.f3 g5 5.fxe4 gxh4 6.e3 Bh6 7.Kf2 Qb6 8.Nc3 e6
9.Na4 Qd8 10.Nxc5 b6 11.Nb3 Qg5 12.Qf3 Bb7 13.Nh3 Qg6 14.Bd3 Rg8 15.Rhg1 Qg7
16.Qh5 Nc6 17.Qxh4 Ne7 18.g4 Ng6 19.Qh5 f6 20.Ke2 O-O-O 21.c4 d5 22.cxd5 exd5
23.g5 fxg5 24.e5 Kb8 25.Nxg5 Bxg5 26.Qxg5 Bc8 27.Raf1 Qd7  1/2-1/2

[Event "ch-MNE 2012"]
[Site "Cetinje MNE"]
[Date "2012.07.12"]
[Round "6.1"]
[White "Kisic,B"]
[Black "Nikcevic,N"]
[Result "1-0"]
[WhiteElo "2054"]
[BlackElo "2437"]

1.d4 Nf6 2.Bg5 Ne4 3.Bf4 c5 4.f3 Qa5+ 5.c3 Nf6 6.d5 Qb6 7.e4 Qxb2 8.Nd2 Qxc3
9.Bc7 b6 10.Rc1 Qa5 11.Be5 Ba6 12.Bc3 Qa3 13.Nc4 Bxc4 14.Bxc4 e6 15.Bd2 a6
16.Rc3 Qb2 17.Ne2 b5 18.Rb3 Qe5 19.Bf4 Qh5 20.h4 Qg6 21.g4 h6 22.h5 Qh7 23.dxe6 fxe6
24.Bxb8 bxc4 25.Rb7 Be7 26.Bd6 Rd8 27.Bxe7 Kxe7 28.Nf4 Rhe8 29.Ng6+ Kf7 30.Qd6 Rc8
31.O-O Red8 32.Rc1 Ne8  1-0

[Event "Turkish Bank Chess League 2012"]
[Site "Konya TUR"]
[Date "2012.07.12"]
[Round "2"]
[White "Erturan,Y"]
[Black "Duman,A"]
[Result "1-0"]
[WhiteElo "2377"]
[BlackElo "2215"]

1.d4 Nf6 2.Bg5 Ne4 3.Bf4 c5 4.dxc5 Qa5+ 5.Nd2 Nxd2 6.Qxd2 Qxc5 7.Nf3 Nc6
8.e4 d6 9.c3 Bg4 10.Be3 Qa5 11.Nd4 Nxd4 12.cxd4 Qxd2+ 13.Kxd2 O-O-O 14.Bc4 e6
15.f3 Bh5 16.d5 exd5 17.Bxd5 Kb8 18.Rhc1 Be7 19.Rc3 Bf6 20.Rb3 Rd7 21.Rc1 g5
22.Rc4 h6 23.Rcb4 b6 24.a4 Kc7 25.a5 bxa5 26.Rb7+ Kd8 27.Bxa7 Rxb7 28.Rxb7 Ke8
29.Bb8 Be5 30.Bc7 a4 31.Bc6+ Ke7 32.Bxa4 Ra8 33.b3 Bxh2 34.Ba5+ Kf8 35.Bc3 g4
36.Ke3 gxf3 37.gxf3 Bg1+ 38.Ke2 Bg6 39.Bf6 Bh2 40.Ke3 Bg1+ 41.Kd3 d5 42.Bc6 dxe4+
43.fxe4 h5 44.b4 Bf2 45.Ke2 Bg3 46.Kf3 Ra3+ 47.Kg2 h4 48.Rd7 h3+ 49.Kh1  1-0

[Event "2nd Polugaevsky Mem"]
[Site "Samara RUS"]
[Date "2012.07.13"]
[Round "9.8"]
[White "Bukavshin,I"]
[Black "Kokarev,Dm"]
[Result "0-1"]
[WhiteElo "2487"]
[BlackElo "2616"]

1.d4 Nf6 2.Bg5 Ne4 3.Bf4 c5 4.f3 Qa5+ 5.c3 Nf6 6.d5 e6 7.e4 exd5 8.e5 Nh5
9.Bc1 Qd8 10.Be3 d4 11.cxd4 cxd4 12.Bxd4 Nc6 13.Ne2 d6 14.exd6 Bxd6 15.Bf2 O-O
16.Nbc3 Qe7 17.Nd5 Bb4+ 18.Nxb4 Nxb4 19.a3 Rd8 20.Qxd8+ Qxd8 21.axb4 Be6
22.Nc3 Qe7 23.Be2 Qxb4 24.O-O Qxb2 25.Rfc1 Rc8 26.Rab1 Qd2 27.Be1 Qg5 28.h4 Qf4
29.Bf2 h6  0-1

[Event "20th Metropolitan IM"]
[Site "Los Angeles USA"]
[Date "2012.07.14"]
[Round "6"]
[White "Duckworth,W"]
[Black "Matikozian,A"]
[Result "1/2-1/2"]
[WhiteElo "2302"]
[BlackElo "2407"]

1.d4 Nf6 2.Bg5 Ne4 3.Bf4 c5 4.f3 Nf6 5.d5 Qb6 6.Bc1 e6 7.e4 exd5 8.exd5 Be7
9.c4 O-O 10.Nc3 Re8 11.Bd3 d6 12.Nge2 Nbd7 13.f4 Bf8 14.h3 g6 15.O-O Bg7
16.g4 Nf8 17.Ng3 h5 18.f5 hxg4 19.hxg4 N6h7 20.Kg2 Qd8 21.Nce4 Be5 22.Qf3 g5
23.Nh5 f6 24.Rb1 Qe7 25.Bd2 Nd7 26.Rfe1 Rf8 27.Qh3 Rf7 28.Re2 b5 29.b4 bxc4
30.Bxc4 Nb6 31.Qd3 cxb4 32.Bxb4 Qc7 33.Bb5 Bd7 34.Ba6 Bc8 35.Bb5 Bd7 36.Bxd7 Qxd7
37.Rc1 Rc8 38.Rxc8+ Nxc8 39.Rc2 Ne7 40.Qa6 Nxd5 41.Rc8+ Rf8 42.Rxf8+ Kxf8
43.Bxd6+ Bxd6 44.Nxd6 Nb4 45.Qc8+  1/2-1/2

[Event "16th Battle of Senta Open A"]
[Site "Senta SRB"]
[Date "2012.07.15"]
[Round "3.16"]
[White "Cengija,V"]
[Black "Manojlovic,Sa"]
[Result "1-0"]
[WhiteElo "2251"]
[BlackElo "2077"]

1.d4 Nf6 2.Bg5 Ne4 3.Bf4 c5 4.f3 Nf6 5.d5 d6 6.Nc3 g6 7.e4 Bg7 8.Qd2 a6 9.a4 h5
10.e5 dxe5 11.Bxe5 O-O 12.Bf4 Re8 13.Bc4 Nbd7 14.Nge2 Qa5 15.O-O Nb6 16.Ba2 Qb4
17.Kh1 Bd7 18.a5 Qxa5 19.Nc1 Bf5 20.Nd3 Bxd3 21.Qxd3 Qb4 22.Bc7 Rac8 23.d6 exd6
24.Bxd6 Red8 25.Rad1 Qa5 26.Qxg6 Qxa2 27.Qxg7+ Kxg7 28.Nxa2 Nc4 29.Be7 Rxd1
30.Rxd1 Nxb2 31.Rb1 Nc4 32.Rxb7 Nd5 33.Bg5 Re8 34.h4 Re2 35.Rd7 Ndb6 36.Re7 Rxc2
37.Nc1 Ne5 38.Nb3 Nd3  1-0

[Event "ch-PHI Grand Final 2012"]
[Site "Boracay PHI"]
[Date "2012.07.16"]
[Round "2.5"]
[White "Dimakiling,O"]
[Black "Paragua,M"]
[Result "1-0"]
[WhiteElo "2415"]
[BlackElo "2508"]

1.d4 Nf6 2.Bg5 Ne4 3.Bf4 c5 4.f3 Qa5+ 5.c3 Nf6 6.d5 d6 7.e4 g6 8.a4 Bg7 9.Na3 O-O
10.Bd3 Qd8 11.Ne2 e5 12.dxe6 Bxe6 13.Nb5 c4 14.Bc2 a6 15.Nxd6 Nc6 16.Qd2 Nd7
17.Rd1 Nde5 18.Be3 Qc7 19.f4 Rad8 20.Bc5 Nd3+ 21.Bxd3 cxd3 22.Qxd3 Bb3 23.Rd2 Ne5
24.Qe3 Ng4 25.Qg1 Qc6 26.h3 Nf6 27.Qe3 Bxa4 28.O-O Rd7 29.c4 b6 30.Ba3 Qa8
31.e5 Ne8 32.Qxb6 Nxd6 33.Bxd6 Rc8 34.Qb4 Bc6 35.Nd4 Be4 36.c5 a5 37.Qa4 Rb7
38.Ra1 Rb4 39.Qxa5  1-0

[Event "Sparkassen Open A"]
[Site "Dortmund GER"]
[Date "2012.07.20"]
[Round "7.16"]
[White "Krueger,An"]
[Black "Imcke,P"]
[Result "1-0"]
[WhiteElo "2143"]
[BlackElo "1874"]

1.d4 Nf6 2.Bg5 Ne4 3.Bf4 c5 4.f3 Qa5+ 5.c3 Nf6 6.d5 b5 7.e4 d6 8.a4 Bd7 9.Qd2 Na6
10.Na3 Nc7 11.axb5 Nxb5 12.Nc2 Qd8 13.Bc4 g6 14.Ne2 Bg7 15.g4 O-O 16.Bh6 e6
17.h4 exd5 18.exd5 Re8 19.Bxg7 Kxg7 20.h5 Rb8 21.O-O-O Qb6 22.Qf4 Ng8 23.hxg6 fxg6
24.Rxh7+  1-0

[Event "2nd Science Park Open A"]
[Site "Amsterdam NED"]
[Date "2012.07.21"]
[Round "8"]
[White "De Saegher,C"]
[Black "Bijlsma,N"]
[Result "1-0"]
[WhiteElo "2208"]
[BlackElo "2130"]

1.d4 Nf6 2.Bg5 Ne4 3.Bf4 c5 4.f3 Qa5+ 5.c3 Nf6 6.Nd2 cxd4 7.Nb3 Qd8 8.Bxb8 Rxb8
9.Qxd4 b6 10.e4 d6 11.Qa4+ Bd7 12.Qxa7 Ra8 13.Qb7 e5 14.a4 Be7 15.Bb5 O-O
16.Bxd7 Nxd7 17.Ne2 f5 18.O-O Kh8 19.exf5 Rxf5 20.Rfd1 Nf8 21.a5 bxa5 22.Nxa5 Bg5
23.Nc4 Rxa1 24.Rxa1 Bf4 25.Nxf4 Rxf4 26.Ra7 Qg5 27.Nxd6 Rf6 28.Nf7+ Rxf7
29.Qxf7 Qc1+ 30.Kf2 Qd2+ 31.Kg3 Qg5+ 32.Kh3 Qh6+ 33.Kg4 g5 34.g3  1-0

[Event "23rd Czech Open A"]
[Site "Pardubice CZE"]
[Date "2012.07.22"]
[Round "3.30"]
[White "Kireev,Al"]
[Black "Khusnutdinov,R"]
[Result "0-1"]
[WhiteElo "2331"]
[BlackElo "2503"]

1.d4 Nf6 2.Bg5 Ne4 3.Be3 d5 4.Nd2 Bf5 5.Ngf3 e6 6.c3 Nd7 7.g3 Be7 8.Bg2 O-O
9.O-O c5 10.Ne1 cxd4 11.cxd4 Nd6 12.Qb3 Qb6 13.f3 Bf6 14.Qxb6 Nxb6 15.Bf2 Nbc4
16.Nxc4 Nxc4 17.e4 Bg6 18.Nc2 Rac8 19.Na3 Nxb2 20.Rab1 Rc3 21.Rxb2 Rxa3 22.exd5 exd5
23.f4 Be4 24.Bxe4 dxe4 25.Re1 Re8 26.Rxb7 h5 27.Re2 e3 28.Kg2 Bxd4 29.Rb3 Rxb3
30.axb3 a5 31.Kf3 Rb8 32.Be1 Rxb3 33.Bxa5 f5 34.Rc2 Ra3 35.Rc4 Ba7 36.Bc3 Ra2
37.Bd4 e2 38.Kf2 Bxd4+ 39.Rxd4 e1=Q+ 40.Kxe1 Rxh2 41.Rd5 g6 42.Kf1 h4 43.gxh4 Rxh4
44.Rd4 Kg7 45.Kg2 Kh6 46.Kg3 Rg4+ 47.Kf3 Rg1 48.Rd2 Rf1+ 49.Kg3 Rg1+ 50.Kf3 Rf1+
51.Kg3 Ra1 52.Rh2+ Kg7 53.Rb2 Ra3+ 54.Kh4 Rf3 55.Rb4 Kh6 56.Ra4 Rb3 57.Ra8 Rb1
58.Rh8+ Kg7 59.Ra8 Rg1 60.Kh3 Rg4 61.Ra4 Kh6 62.Rb4 Kh5 63.Ra4 g5 64.Ra8 Rxf4
65.Rh8+ Kg6 66.Rg8+ Kf6 67.Rf8+ Kg7 68.Ra8 Rf3+ 69.Kg2 Re3 70.Ra6 Kf7 71.Kf2 Re6
72.Ra5 Kg6  0-1

[Event "XIV ch-Gdansk Int 2012"]
[Site "Gdansk POL"]
[Date "2012.07.23"]
[Round "3.13"]
[White "Dzikowski,M"]
[Black "Zielinski,Mac"]
[Result "1/2-1/2"]
[WhiteElo "1857"]
[BlackElo "2096"]

1.d4 Nf6 2.Bg5 Ne4 3.Bf4 c5 4.f3 Qa5+ 5.c3 Nf6 6.d5 d6 7.e4 g6 8.Nd2 Bg7
9.Bd3 Nbd7 10.g4 Rb8 11.a4 Ne5 12.Bxe5 dxe5 13.Bb5+ Nd7 14.Ne2 O-O 15.Ng3 Qc7
16.h4 a6 17.Bxd7 Bxd7 18.h5 b5 19.a5 c4 20.Qe2 Qc5 21.Qf2 Rfc8 22.Qxc5 Rxc5
23.Ke2 e6 24.dxe6 Bxe6 25.hxg6 hxg6 26.Rhb1 Bh6 27.Ngf1 b4 28.Ne3 Kg7  1/2-1/2

[Event "99th ch-GBR 2012"]
[Site "North Shields ENG"]
[Date "2012.07.24"]
[Round "2.10"]
[White "Batchelor,Peter J"]
[Black "Conquest,S"]
[Result "0-1"]
[WhiteElo "2103"]
[BlackElo "2501"]

1.d4 Nf6 2.Bg5 Ne4 3.Bf4 d6 4.Nd2 Bf5 5.Ngf3 e6 6.h4 Nd7 7.e3 Ndf6 8.Bd3 Nxd2
9.Qxd2 Qd7 10.O-O-O Be7 11.Rde1 Bxd3 12.Qxd3 Qa4 13.Kb1 Nd5 14.Bg3 a5 15.e4 Nb4
16.Qb3 Qxb3 17.axb3 O-O 18.c3 Na6 19.Kc2 Nb8 20.h5 Re8 21.Bh4 Bf8 22.Nd2 Nd7
23.f4 d5 24.e5 c5 25.Bf2 Rec8 26.Ra1 b6 27.g4 Nb8 28.dxc5 Bxc5 29.Bxc5 bxc5
30.Ra4 Nc6 31.Rd1 Rab8 32.g5 Rb7 33.Nf3 Rcb8 34.Ra3 h6 35.gxh6 gxh6 36.Nd2 Kf8
37.Rg1 Rb5 38.Rga1 Ke7 39.Rg1 Rc8 40.Ra4 Rcb8 41.Ra3 R5b6 42.Ra2 Rd8 43.Ra3 Rbb8
44.Raa1 Rg8 45.Rae1 Kd7 46.Nf3 Ne7 47.Nh4 Ra8 48.Ra1 a4 49.bxa4 Rxg1 50.Rxg1 Rxa4
51.Rf1 Re4 52.Kd2 c4 53.Rf2 Kc7 54.Rf3 Kc6 55.Rf1 Kc5 56.Rf2 Nc6 57.Ng2 Na5
58.Re2 Nb3+ 59.Kd1 Rxe2 60.Kxe2 d4 61.Ne1 d3+ 62.Nxd3+ cxd3+ 63.Kxd3 Kb5
64.f5 Kc5 65.fxe6 fxe6 66.Kc2 Kc4 67.Kb1 Kd3 68.Ka2 Nd2 69.Ka3 Nc4+ 70.Kb4 Nxb2  0-1

[Event "Open ch-BUL w 2012"]
[Site "Vratsa BUL"]
[Date "2012.07.26"]
[Round "5.9"]
[White "Vasileva,V"]
[Black "Sirkova,D"]
[Result "0-1"]
[WhiteElo "1748"]
[BlackElo "1985"]

1.d4 Nf6 2.Bg5 Ne4 3.h4 d5 4.Nd2 Nd6 5.e3 h6 6.Bf4 Bf5 7.g4 Bh7 8.Bg2 c6
9.Ngf3 e6 10.c3 Nd7 11.Qe2 Qb6 12.O-O-O Qa5 13.a3 Qa4 14.Nb1 Nc4 15.Ne1 Bxb1
16.Kxb1 Qb3 17.Ka1 Nxb2 18.Qxb2 Qxd1+ 19.Ka2 Nb6 20.Nf3 Qa4 21.Ne5 Be7 22.Bf1 Qa5
23.Qb3 Na4 24.Qxb7 Nxc3+ 25.Kb2 Bxa3+ 26.Kc2 O-O 27.Nxf7 Ne4 28.Be5 Qd2+
29.Kb1 Nc3+  0-1

[Event "12th Valle del Chiese Open"]
[Site "Condino ITA"]
[Date "2012.07.27"]
[Round "6"]
[White "Forno,R"]
[Black "Girelli,Sergio"]
[Result "1-0"]
[WhiteElo "1883"]
[BlackElo "1889"]

1.d4 Nf6 2.Bg5 Ne4 3.Bf4 g6 4.Nd2 Nf6 5.e4 Bg7 6.Ngf3 O-O 7.Bc4 c6 8.e5 Nd5
9.Bxd5 cxd5 10.O-O Nc6 11.c3 b6 12.Re1 Ba6 13.h4 h5 14.b4 Bd3 15.Qb3 e6 16.Re3 Ba6
17.a4 Ne7 18.Bg5 Qe8 19.b5 Bb7 20.a5 bxa5 21.Rxa5 a6 22.bxa6 Nc6 23.Qb6 Nxa5
24.axb7 Qb8 25.bxa8=N  1-0

[Event "XIV ch-Gdansk Int 2012"]
[Site "Gdansk POL"]
[Date "2012.07.27"]
[Round "7.31"]
[White "Les,C"]
[Black "Teclaf,Pawel"]
[Result "0-1"]
[WhiteElo "1915"]
[BlackElo "1631"]

1.d4 Nf6 2.Bg5 Ne4 3.Bf4 d5 4.e3 c5 5.f3 Nf6 6.Nd2 Nc6 7.c3 Bf5 8.Bb5 Qb6
9.a4 a6 10.dxc5 Qxc5 11.Nb3 Qb6 12.Bxc6+ bxc6 13.a5 Qb7 14.Ne2 e6 15.Nbd4 Bg6
16.O-O Nd7 17.Qa4 e5 18.Nxc6 exf4 19.Nxf4 Nc5 20.Qd1 Qxc6  0-1

[Event "45th Biel Masters Open"]
[Site "Biel SUI"]
[Date "2012.07.28"]
[Round "6"]
[White "Bauer,Ch"]
[Black "Bok,B"]
[Result "1/2-1/2"]
[WhiteElo "2681"]
[BlackElo "2512"]

1.d4 Nf6 2.Bg5 Ne4 3.Bf4 d5 4.e3 c5 5.Bd3 Nf6 6.c3 Nc6 7.Nd2 e6 8.Ngf3 Bd6
9.Bg3 O-O 10.Qe2 Re8 11.dxc5 Bxc5 12.Rd1 e5 13.e4 d4 14.Nb3 Qb6 15.Bc4 h6
16.O-O Be6 17.Bxe5 Bxc4 18.Qxc4 Nxe5 19.Nxe5 Rxe5 20.cxd4 Bxd4 21.Rxd4 a5
22.a4 Rxe4 23.Rfd1 Rae8 24.h3 Re2 25.R1d2 Re1+ 26.Kh2 Ne4 27.Re2 Rxe2 28.Qxe2 Qxb3
29.Rxe4  1/2-1/2

[Event "Tabor Open 2012"]
[Site "Tabor CZE"]
[Date "2012.07.30"]
[Round "2.53"]
[White "Bastyr,P"]
[Black "Bauer,P"]
[Result "0-1"]
[WhiteElo "1588"]
[BlackElo "1840"]

1.d4 Nf6 2.Bg5 Ne4 3.Bf4 d5 4.f3 Nf6 5.Nc3 Bf5 6.Nb5 Na6 7.c4 c6 8.Nc3 e6
9.cxd5 exd5 10.e4 dxe4 11.fxe4 Nxe4 12.Bxa6 Nxc3 13.bxc3 bxa6 14.Qa4 Be7
15.Qxc6+ Bd7 16.Qxa6 O-O 17.Nf3 Bc8 18.Qd3 a5 19.Kf2 Ba6 20.Qe3 Rc8 21.Rhc1 Ba3
22.Rcb1 Re8 23.Qd2 Re2+ 24.Qxe2 Bxe2 25.Kxe2 Bd6 26.Bxd6 Qxd6 27.Rc1 Qe6+
28.Kf2 f6 29.Rc2 Qc4 30.Rd1 Re8 31.Rdd2 Rb8 32.d5 a4 33.Rd4 Qc5 34.c4 a3
35.Ke3 g5 36.Kd3 Rd8 37.Nd2 f5 38.Nb3 Qd6 39.g3 f4 40.gxf4 gxf4 41.c5 Qg6+
42.Kc3 f3 43.d6 Qf6 44.Rf2 Re8 45.Kb4 Rb8+ 46.Kc4 Qe6+ 47.Kc3 Qe3+ 48.Kc4 Qxf2  0-1

[Event "Tabor Open 2012"]
[Site "Tabor CZE"]
[Date "2012.08.01"]
[Round "5.4"]
[White "Roubalik,J"]
[Black "Lechtynsky,J"]
[Result "1/2-1/2"]
[WhiteElo "2319"]
[BlackElo "2379"]

1.d4 Nf6 2.Bg5 Ne4 3.h4 d5 4.e3 c5 5.Nd2 Nxg5 6.hxg5 g6 7.c3 Qb6 8.Qc2 Nc6
9.Bd3 e5 10.dxe5 Nxe5 11.Be2 Bg7 12.Ngf3 Nxf3+ 13.Bxf3 Be6 14.Qa4+ Qc6  1/2-1/2

[Event "Politiken Cup 2012"]
[Site "Helsingor DEN"]
[Date "2012.08.02"]
[Round "7.36"]
[White "Rewitz,P"]
[Black "Nielsen,Kl"]
[Result "1-0"]
[WhiteElo "2239"]
[BlackElo "2069"]

1.d4 Nf6 2.Bg5 Ne4 3.Bf4 d5 4.Nd2 g5 5.Be5 f6 6.Bg3 h5 7.Nxe4 dxe4 8.h4 g4
9.e3 Qd5 10.Bxc7 e6 11.c3 Qc6 12.Bxb8 Rxb8 13.Ne2 Bd6 14.Nf4 Bxf4 15.exf4 O-O
16.Be2 e5 17.fxe5 fxe5 18.Qd2 Rf5 19.O-O-O exd4 20.Qxd4 Be6 21.Kb1 Rbf8 22.f3 exf3
23.gxf3 Ra5 24.a3 Bf7 25.fxg4 Qe6 26.gxh5 Re5 27.Rhg1+ Kh7 28.Bd3+ Kh8 29.Rde1 Re8
30.Rxe5 Qxe5 31.Re1 Qxd4 32.Rxe8+ Bxe8 33.cxd4 Bxh5 34.Kc2 Kg7 35.Be4 b6
36.Kd3 Kf6 37.Kc4 Be8 38.Kd5  1-0

[Event "Politiken Cup 2012"]
[Site "Helsingor DEN"]
[Date "2012.08.04"]
[Round "9.63"]
[White "Marder,S"]
[Black "Hansen,Herl"]
[Result "0-1"]
[WhiteElo "2013"]
[BlackElo "2079"]

1.d4 Nf6 2.Bg5 Ne4 3.Bf4 d5 4.f3 Nf6 5.e4 dxe4 6.Nc3 g6 7.fxe4 Bg7 8.Nf3 O-O
9.Qd2 a6 10.Bh6 Bg4 11.O-O-O Nc6 12.e5 Nd5 13.Ne4 Ndb4 14.Bxg7 Nxa2+ 15.Kb1 Kxg7
16.d5 Ncb4 17.Bc4 Qe8 18.Bxa2 Nxa2 19.Qd4 Rd8 20.Kxa2 Rxd5 21.Nf6 exf6 22.exf6+ Kg8
23.Qxg4 Rf5 24.Kb1 Rxf6 25.Rhe1 Qb5 26.Re5 Qb6 27.Qd4 Rd6 28.Rd5 Rxd5 29.Qxd5 Re8
30.Ne5 Qf2 31.Qf3 Qxf3 32.Nxf3 Re7 33.Kc1 Kg7 34.Re1 Rd7 35.Rd1 Re7 36.Kd2 h6
37.Re1 Rd7+ 38.Kc3 g5 39.Ne5 Rd6 40.Nc4 Rd7 41.b4 f5 42.Na5 b6 43.Nb3 Kf6
44.Nd4 Rd6 45.Re8 f4 46.Rc8 Rd7 47.Rh8 Kg6 48.Kc4 h5 49.Nf3 Rg7 50.Kd5 g4
51.Ne5+ Kg5 52.Ke4 h4 53.Rf8 f3 54.Rf4 Kh5 55.g3 hxg3 56.hxg3 a5 57.bxa5 bxa5
58.Rf5+ Rg5 59.Rf8 Kh6 60.Nf7+ Kg7 61.Rg8+ Kxg8 62.Nxg5 f2  0-1

[Event "16th HZ Open"]
[Site "Vlissingen NED"]
[Date "2012.08.04"]
[Round "1"]
[White "Hahnen,E"]
[Black "White,Mi"]
[Result "0-1"]
[WhiteElo "1858"]
[BlackElo "2346"]

1.d4 Nf6 2.Bg5 Ne4 3.Bf4 c5 4.f3 Qa5+ 5.c3 Nf6 6.d5 Qb6 7.Bc1 e6 8.e4 exd5
9.exd5 Bd6 10.Na3 O-O 11.Nc4 Re8+ 12.Be2 Qc7 13.Nxd6 Qxd6 14.c4 b5 15.b3 Qe5
16.Bd2 d6 17.Rc1 Nbd7 18.Rc3 bxc4 19.Re3 Qxd5 20.Rxe8+ Nxe8 21.Bxc4 Qc6 22.Bf4 Nb6
23.Bd3 Be6 24.Ne2 a5 25.O-O a4 26.Qc2 Nf6 27.b4 c4 28.Ng3 Nbd5 29.Be4 Nxe4
30.Qxe4 Nxb4 31.Qxc6 Nxc6 32.Bxd6 Rd8 33.Bf4 Nb4 34.a3 Nd3 35.Bc7 Rc8  0-1

[Event "FSFMB August 2012"]
[Site "Budapest HUN"]
[Date "2012.08.05"]
[Round "2.5"]
[White "Mihajlova,D"]
[Black "Nemeth,O"]
[Result "0-1"]
[WhiteElo "1482"]
[BlackElo "1818"]

1.d4 Nf6 2.Bg5 Ne4 3.Bf4 e6 4.f3 Nf6 5.e4 c5 6.c3 Qb6 7.Bc1 Nc6 8.e5 Ng8
9.Nd2 cxd4 10.Nc4 Qc5 11.b4 Qd5 12.Bf4 dxc3 13.Qc2 Bxb4 14.Rd1 Nd4 15.Rxd4 Qxd4
16.Nh3 Ne7 17.a3 Nd5 18.axb4 O-O 19.Bc1 b5 20.Ng5 g6 21.Nd6 Qxe5+ 22.Nge4 f5
23.Bh6 fxe4 24.Nxe4 Rf5 25.Bxb5 Nxb4 26.Qe2 Qxb5 27.Qxb5 Rxb5 28.Nxc3 Re5+
29.Ne4 d5 30.O-O dxe4 31.fxe4 Ba6 32.Re1 Bd3 33.Rc1 Rxe4 34.Rc7 Nd5 35.Rg7+ Kh8
36.Rf7 Re1+  0-1